000 00912pam a2200301 i 4500
001 1335629
003 SISC
005 20160301135846.0
008 790706s1980 nyua j 000 1 eng
010 _a 79002014
020 _a0060264071 :
_c$7.95
020 _a006026408X (lib. bdg.) :
_c$7.89
040 _aDLC
_cDLC
_dDLC
042 _alcac
050 0 0 _aPZ 7
_b.W5879Br 1980
082 0 0 _aHS 809.8928
_bW58 1980
100 1 _aWhiteside, Karen.
_915578
245 1 0 _aBrother Mouky and the falling sun /
_cKaren Whiteside
250 _a1st ed.
260 _aNew York :
_bHarper & Row,
_cc1980.
300 _a30 p. :
_bcol. ill. ;
_c20 x 22 cm.
562 _eFor circulation. One copy available in the collection.
650 1 _aAnger
_xFiction.
_915579
650 1 _aBrothers and sisters
_xFiction.
_915580
906 _a7
_bcbc
_corignew
_d1
_eocip
_f19
_gy-gencatlg
942 _2lcc
_cBK
999 _c9942
_d9942